书目信息 |
| 题名: |
生命之歌
|
|
| 作者: | 张东勤, 著 | |
| 分册: | ||
| 出版信息: | 北京 北京日报出版社 2019.08 |
|
| 页数: | 170页 | |
| 开本: | 21cm | |
| 丛书名: | ||
| 单 册: | ||
| 中图分类: | I227.6 | |
| 科图分类: | ||
| 主题词: | 散文诗--san wen shi--诗集--中国--当代 | |
| 电子资源: | ||
| ISBN: | 978-7-5477-3349-3 | |
| 000 | 00934nam0 2200241 450 | |
| 001 | CAL 012022009935 | |
| 005 | 20230217093111.0 | |
| 010 | @a978-7-5477-3349-3@dCNY29.00 | |
| 100 | @a20220906d2019 em y0chiy0120 ea | |
| 101 | 0 | @achi |
| 102 | @aCN@b110000 | |
| 105 | @ay z 000gy | |
| 106 | @ar | |
| 200 | 1 | @a生命之歌@Asheng ming zhi ge@f张东勤著 |
| 210 | @a北京@c北京日报出版社@d2019.08 | |
| 215 | @a170页@d21cm | |
| 314 | @a张东勤, 1988年11月生, 女, 苗族, 贵州省贵阳人, 自由撰稿人。研究方向: 散文、诗歌写作、剧本撰写。 | |
| 330 | @a本书共分三部分: 哲与思、诗意人生、生命之歌。主要内容包括: 《剑与魂》《呼唤与敬仰》《罪与恶》《远方与消失》《我们为了什么而活着》《人与选择》《物与本身》《根与千寻》《树与延伸》《时间与光》等。 | |
| 606 | 0 | @a散文诗@Asan wen shi@x诗集@y中国@z当代 |
| 690 | @aI227.6@v5 | |
| 701 | 0 | @a张东勤,@Azhang dong qin@f1988-@4著 |
| 801 | 0 | @aCN@bBJXHZP@c20230228 |
| 905 | @b1398844-7@dI227.6@e817@f4 | |
| 生命之歌/张东勤著.-北京:北京日报出版社,2019.08 |
| 170页;21cm |
| ISBN 978-7-5477-3349-3:CNY29.00 |
| 本书共分三部分: 哲与思、诗意人生、生命之歌。主要内容包括: 《剑与魂》《呼唤与敬仰》《罪与恶》《远方与消失》《我们为了什么而活着》《人与选择》《物与本身》《根与千寻》《树与延伸》《时间与光》等。 |
| ● |
| 相关链接 |
|
|
|
|
正题名:生命之歌
索取号:I227.6/817
 
预约/预借
| 序号 | 登录号 | 条形码 | 馆藏地/架位号 | 状态 | 备注 |
| 1 | 1398844 | 213988443 | 第一样本阅览室/ [索取号:I227.6/817] | 在馆 | |
| 2 | 1398845 | 213988452 | 第二借阅区/ [索取号:I227.6/817] | 在馆 | |
| 3 | 1398846 | 213988461 | 第二借阅区/ [索取号:I227.6/817] | 在馆 | |
| 4 | 1398847 | 213988470 | 第二借阅区/ [索取号:I227.6/817] | 在馆 |